Websites by Visitors Quiz Stats

 Plays Quiz Updated Dec 26, 2016

Also try: Web Icons
Challenge
Share
Tweet
Embed
Score 0/10 Timer 04:00
0 Plays Today
# of Monthly Visitors Website % Correct
21 Billiongoogle.com
98%
22.1 Billionfacebook.com
87.5%
25.2 Billionsporcle.com
59.2%
11 Billionmsn.com
53.5%
16.1 Billionyoutube.com
52.7%
5.8 Billionebay.com
42.1%
7.3 Billionamazon.com
39.5%
8 Billionwikipedia.org
37.5%
890 Millionaol.com
37.3%
13.1 Billiontv.tv
4.5%

You're not logged in!

Compare scores with friends on all Sporcle quizzes.
OR
Log In

You Might Also Like...

Show Comments

Extras

Top Quizzes Today


Score Distribution

Your Account Isn't Verified!

In order to create a playlist on Sporcle, you need to verify the email address you used during registration. Go to your Sporcle Settings to finish the process.

Report this User

Report this user for behavior that violates our Community Guidelines.

Details: